Statistics for Types of Animals

Click here to take the quiz!

General Stats

  • This quiz has been taken 383 times
    (374 since last reset)
  • The average score is 10 of 15

Answer Stats

HintAnswer% Correct
Python, Anaconda, ViperSnake
100%
Killer, Humpback, BelugaWhale
95%
Hammerhead, Sand, AngelShark
92%
Javan, Siberian, BengalTiger
92%
Bald, Golden, HarpyEagle
82%
Poison Dart, Glass, South American HornedFrog
77%
Salt-Water, Nile, MuggerCrocodile
75%
White Tailed, Red, FallowDeer
71%
Gray, Arctic, TibetanWolf
56%
Dromedary, BactrainCamel
55%
Skip Jack, Yellow Fin, AlbacoreTuna
55%
African, Cape, CongoLion
51%
Gazelle, Impala, BlackbuckAntelope
43%
Mountain, Western, EasternGorilla
34%
Death Stalker, Emperor, FattailScorpion
20%

Score Distribution

Percentile by Number Answered

Percent of People with Each Score

Your Score History

You have not taken this quiz since the last reset